[Event "4NCL Division 3 South"]
[Site "Milton Keynes, ENG"]
[Date "2022.03.27"]
[Round "6.135"]
[White "Hartshorn, Harry"]
[Black "Jamieson, David"]
[Result "1-0"]
[WhiteElo "1278"]
[BlackElo "1050"]
[PlyCount "99"]
[EventDate "2022.03.27"]
[WhiteTeam "Iceni 3"]
[BlackTeam "War and Piece B"]

1. d4 d6 2. e4 Nc6 3. Nf3 g6 4. d5 Ne5 5. Nxe5 dxe5 6. Nc3 Nf6 7. Bb5+ Bd7 8.
Bxd7+ Qxd7 9. O-O Qg4 10. Qxg4 Nxg4 11. f3 Nf6 12. Ne2 O-O-O 13. b3 e6 14. dxe6
fxe6 15. Bg5 Bc5+ 16. Kh1 Be7 17. Bxf6 Bxf6 18. Rac1 Rhf8 19. c4 Bg5 20. Rc2
Rd2 21. Rxd2 Bxd2 22. g3 g5 23. Kg2 h5 24. Ng1 g4 25. fxg4 Rxf1 26. Kxf1 hxg4
27. Ke2 Bg5 28. Kd3 c5 29. Ne2 b6 30. Nc3 a6 31. Nd1 Kc7 32. Nf2 Be7 33. Nxg4
b5 34. Nxe5 Bf6 35. Ng4 Bg7 36. e5 Kb6 37. h4 Ka5 38. a3 b4 39. a4 Kb6 40. h5
Kc6 41. h6 Bh8 42. h7 Kd7 43. Nf6+ Ke7 44. g4 Kf7 45. Ke4 Kg6 46. Kf4 Bg7 47.
g5 a5 48. Nd7 Kxh7 49. Nxc5 Kg6 50. Nxe6 1-0

[Event "4NCL Division 3 South"]
[Site "Milton Keynes, ENG"]
[Date "2022.03.27"]
[Round "6.141"]
[White "Field, Matthew"]
[Black "Rowland, Benjamin"]
[Result "1-0"]
[WhiteElo "1450"]
[BlackElo "1265"]
[PlyCount "68"]
[EventDate "2022.03.27"]
[WhiteTeam "Hackney Returns"]
[BlackTeam "Barnet Knights D"]

1. e4 c6 2. d4 d5 3. exd5 cxd5 4. c4 dxc4 5. Bxc4 Bf5 6. Nf3 Nf6 7. Qb3 e6 8.
Qxb7 Be4 9. Qb3 Nc6 10. Bb5 Be7 11. Nbd2 Qa5 12. O-O Bd5 13. Qxd5 Nxd5 14.
Bxc6+ Kd8 15. Bxa8 Nf4 16. Ne5 Ke8 17. Bc6+ Kf8 18. Bf3 Ng6 19. Nb3 Qc7 20. Be3
Nxe5 21. dxe5 Qxe5 22. Bd4 Qb8 23. Rac1 a6 24. Ba7 Qd6 25. Rc8+ Bd8 26. Bc5
Qxc5 27. Nxc5 Ke7 28. Rd1 Re8 29. Bc6 Rf8 30. Rd7+ Kf6 31. Rdxd8 Rxd8 32. Rxd8
h5 33. Ra8 a5 34. Ra7 g5 1-0

[Event "4NCL Division 3 South"]
[Site "Milton Keynes, ENG"]
[Date "2022.03.27"]
[Round "6.144"]
[White "Agnihotri, Akaash"]
[Black "Patel, Ananya"]
[Result "1-0"]
[WhiteElo "1493"]
[BlackElo "1077"]
[PlyCount "61"]
[EventDate "2022.03.27"]
[WhiteTeam "Barnet Knights D"]
[BlackTeam "Watford B"]

1. e4 c6 2. d4 d5 3. e5 Bf5 4. Nf3 e6 5. a3 c5 6. Bb5+ Nc6 7. c3 Qb6 8. Bxc6+
bxc6 9. h3 f6 10. O-O Be7 11. Nh4 Bxb1 12. Rxb1 fxe5 13. Qh5+ Kd7 14. Nf3 exd4
15. Ne5+ Kc7 16. Qf7 Rf8 17. Qxg7 Nf6 18. Qxe7+ Kc8 19. Qxe6+ Kc7 20. Bf4 Kb7
21. Nf7 Nh5 22. Qd7+ Ka6 23. Nxh8 Nxf4 24. Qxh7 Ne2+ 25. Kh1 dxc3 26. bxc3 Ng3+
27. fxg3 Rxf1+ 28. Rxf1 Qb3 29. Rb1 Qxc3 30. Qb7+ Ka5 31. Qxa7# 1-0

[Event "4NCL Division 3 South"]
[Site "Milton Keynes, ENG"]
[Date "2022.03.27"]
[Round "6.145"]
[White "Balakrishnan, Akshata"]
[Black "Keshari, Krish"]
[Result "0-1"]
[WhiteElo "865"]
[BlackElo "1217"]
[PlyCount "94"]
[EventDate "2022.03.27"]
[WhiteTeam "Watford B"]
[BlackTeam "Barnet Knights D"]

1. e4 e5 2. Nf3 Nc6 3. d4 exd4 4. Bc4 Nf6 5. O-O Nxe4 6. Re1 d5 7. Bxd5 Qxd5 8.
Nc3 Qd8 9. Rxe4+ Be7 10. Bg5 dxc3 11. Qxd8+ Kxd8 12. Rd1+ Ke8 13. Bxe7 Nxe7 14.
Rde1 Be6 15. Nd4 Kd7 16. Nxe6 fxe6 17. Rxe6 Rhe8 18. bxc3 Nd5 19. Rxe8 Rxe8 20.
Rd1 Kc6 21. c4 Nc3 22. Ra1 Kc5 23. h3 Kxc4 24. Kh2 Re2 25. f4 Rxc2 26. a4 Kb3
27. a5 Kb2 28. Re1 Re2 29. Rxe2+ Nxe2 30. f5 Nd4 31. g4 c5 32. Kg1 c4 33. Kf2
c3 34. Ke3 c2 35. Kxd4 c1=Q 36. g5 Qc3+ 37. Kd5 Qxa5+ 38. Ke6 Qc7 39. f6 a5 40.
fxg7 Qxg7 41. Kf5 a4 42. h4 a3 43. h5 a2 44. h6 Qg6+ 45. Kg4 a1=Q 46. Kh4 Qg1
47. Kh3 Qh5# 0-1

[Event "4NCL Division 3 South"]
[Site "Milton Keynes, ENG"]
[Date "2022.03.27"]
[Round "6.146"]
[White "Pradhan, Ayan"]
[Black "Jayakumar, Jeshwin"]
[Result "1-0"]
[WhiteElo "1097"]
[BlackElo "700"]
[PlyCount "103"]
[EventDate "2022.03.27"]
[WhiteTeam "Barnet Knights D"]
[BlackTeam "Watford B"]

1. e4 e5 2. Nf3 Nc6 3. Bc4 Nf6 4. d4 Nxe4 5. dxe5 d5 6. Qxd5 Qxd5 7. Bxd5 Nc5
8. Bxc6+ bxc6 9. O-O Be7 10. Be3 O-O 11. Nc3 Bf5 12. Ne2 Bxc2 13. Bxc5 Bxc5 14.
Rfc1 Bd3 15. Nf4 Be4 16. Rxc5 Rab8 17. b3 Rfe8 18. Ng5 Bf5 19. Rxc6 Rxe5 20.
Rxc7 Bc8 21. Rd1 Bg4 22. f3 Bf5 23. Nxf7 Ra5 24. Nd5 Be6 25. Ne7+ Kxf7 26. Nc6+
Kf6 27. Nxa5 Bf5 28. Rd6+ Kg5 29. g3 Bh3 30. Rxg7+ Kf5 31. Nc6 Re8 32. Re7 Rc8
33. g4+ Kf4 34. Rxh7 Bxg4 35. fxg4 Kxg4 36. Rf6 Rg8 37. Rg6+ Rxg6 38. Ne5+ Kg5
39. Nxg6 Kxg6 40. Rxa7 Kf5 41. a4 Ke5 42. b4 Kd5 43. h4 Ke5 44. b5 Kd6 45. h5
Ke6 46. h6 Kf6 47. h7 Kg6 48. h8=Q Kf5 49. Qe8 Kf4 50. Rf7+ Kg5 51. Qg8+ Kh6
52. Rh7# 1-0

[Event "4NCL Division 3 South"]
[Site "Milton Keynes, ENG"]
[Date "2022.03.27"]
[Round "6.147"]
[White "Patel, Aashna"]
[Black "Balloglu, Piro"]
[Result "0-1"]
[WhiteElo "1009"]
[BlackElo "2068"]
[PlyCount "156"]
[EventDate "2022.03.27"]
[WhiteTeam "Watford B"]
[BlackTeam "Hackney Returns"]

1. e4 e5 2. Nf3 Nc6 3. Bc4 Nf6 4. d3 Bc5 5. Nc3 h6 6. Be3 Bxe3 7. fxe3 d6 8.
O-O Bg4 9. Bb5 O-O 10. h3 Bh5 11. Qd2 Ne7 12. d4 c6 13. Bc4 Qc7 14. Nh4 d5 15.
dxe5 Qxe5 16. exd5 cxd5 17. Bb3 Rad8 18. Qd4 Qg3 19. Qf4 Qxf4 20. Rxf4 Ng6 21.
Rd4 Nxh4 22. Rxh4 Bg6 23. Rd4 Rfe8 24. Re1 Re5 25. Red1 Rxe3 26. Nxd5 Nxd5 27.
Rxd5 Rde8 28. Rd7 R8e7 29. Rxe7 Rxe7 30. Rd8+ Kh7 31. Ra8 b6 32. c3 Be4 33. Rf8
Kg6 34. Rd8 Kg5 35. g3 Bf5 36. h4+ Kf6 37. Rd6+ Be6 38. Kf2 g5 39. hxg5+ hxg5
40. Kf3 Ke5 41. Rd1 g4+ 42. Kg2 Bxb3 43. axb3 Kf5 44. Rf1+ Kg5 45. Rf4 Re2+ 46.
Kf1 Rxb2 47. Rxf7 Rxb3 48. Rxa7 Rxc3 49. Rg7+ Kf5 50. Kf2 b5 51. Rb7 Rb3 52.
Ke2 Ke4 53. Kd2 Kf3 54. Kc2 Rb4 55. Kc3 Rc4+ 56. Kb3 Rc5 57. Kb4 Rf5 58. Ra7
Kxg3 59. Ra3+ Kh4 60. Ra1 g3 61. Rh1+ Kg4 62. Rg1 Kh3 63. Rh1+ Kg2 64. Rc1 Kh2
65. Rc2+ g2 66. Rc1 g1=Q 67. Rxg1 Kxg1 68. Kb3 Rf4 69. Kc3 Kf2 70. Kd2 Rc4 71.
Kd3 Ke1 72. Ke3 b4 73. Kd3 Rc8 74. Ke3 b3 75. Kd3 b2 76. Ke3 b1=Q 77. Kf3 Qb4
78. Ke3 Rc3# 0-1

[Event "4NCL Division 3 South"]
[Site "Milton Keynes, ENG"]
[Date "2022.03.27"]
[Round "6.148"]
[White "Sugden, Freddie"]
[Black "Koripalli, Pooja"]
[Result "1-0"]
[WhiteElo "1830"]
[BlackElo "800"]
[PlyCount "93"]
[EventDate "2022.03.27"]
[WhiteTeam "Hackney Returns"]
[BlackTeam "Watford B"]

1. e4 e5 2. d4 exd4 3. c3 Nf6 4. e5 Ng8 5. cxd4 d5 6. Nc3 Nc6 7. Bb5 f6 8. Qe2
Be7 9. Bf4 a6 10. Bxc6+ bxc6 11. h3 a5 12. Rc1 Ba6 13. Qg4 Bf8 14. Qe6+ Be7 15.
Qxc6+ Kf8 16. Nxd5 Bb4+ 17. Nxb4 axb4 18. Qc5+ Ne7 19. Qxb4 Kf7 20. exf6 Nd5
21. Qd2 Re8+ 22. Be3 Nxe3 23. fxe3 Qxf6 24. Rxc7+ Re7 25. Rxe7+ Kxe7 26. Ne2
Rf8 27. Qb4+ Qd6 28. Qxd6+ Kxd6 29. Rf1 Ra8 30. a3 Re8 31. Rf3 Rc8 32. Nc3 Bb7
33. Rg3 g6 34. e4 Re8 35. Re3 Kd7 36. g4 h5 37. g5 h4 38. Kf2 Rf8+ 39. Rf3 Re8
40. d5 Re5 41. Rf4 Rxg5 42. Rxh4 Rh5 43. Rxh5 gxh5 44. Kg3 Ke7 45. Kh4 Bc8 46.
b4 Ke8 47. b5 1-0

[Event "4NCL Division 3 South"]
[Site "Milton Keynes, ENG"]
[Date "2022.03.27"]
[Round "6.149"]
[White "Jayakumar, Jeevan"]
[Black "Saunois, Anthony"]
[Result "1-0"]
[WhiteElo "700"]
[BlackElo "1365"]
[PlyCount "45"]
[EventDate "2022.03.27"]
[WhiteTeam "Watford B"]
[BlackTeam "Hackney Returns"]

1. e4 c6 2. d4 d5 3. Nc3 Nf6 4. Bd3 dxe4 5. Bxe4 Nxe4 6. Nxe4 f6 7. Nf3 Bf5 8.
Ng3 Bg6 9. O-O e6 10. Bd2 Bd6 11. Re1 Qe7 12. Nh4 Nd7 13. Ngf5 Qf7 14. Nxd6+
Kf8 15. Nxf7 Bxf7 16. Bb4+ Ke8 17. d5 e5 18. dxc6 bxc6 19. Qd6 Kd8 20. Rad1 Bd5
21. Qe7+ Kc8 22. Nf5 Nb6 23. Nd6+ 1-0